Faculty of Law Library — Cairo University

Official Online Catalog

Leading constitutional cases on criminal justice / (Record no. 53729)

MARC details
000 -LEADER
fixed length control field 01737cac a2200409 i 4500
003 - CONTROL NUMBER IDENTIFIER
control field EG-GICUC
005 - DATE AND TIME OF LATEST TRANSACTION
control field 20260121101633.0
008 - FIXED-LENGTH DATA ELEMENTS--GENERAL INFORMATION
fixed length control field 800930c1975 nyuar fr 0 a0eng d
022 1# - INTERNATIONAL STANDARD SERIAL NUMBER
International Standard Serial Number 0272-2151
Source 1
040 ## - CATALOGING SOURCE
Original cataloging agency DLC
Language of cataloging eng
Transcribing agency DLC
Modifying agency NSD
-- DLC
-- NST
-- HUL
-- NST
-- HUL
-- NST
-- DLC
-- CLU
-- SYS
-- OCLCQ
-- OCLCO
-- OCLCF
-- OCLCO
-- YDXCP
-- YDX
-- LRP
-- OCLCQ
-- GILDS
-- UKMGB
-- OCLCA
-- OCLCO
-- OCLCL
-- OCLCQ
-- EG-GICUC
Description conventions rda
043 ## - GEOGRAPHIC AREA CODE
Geographic area code n-us---
050 00 - LIBRARY OF CONGRESS CALL NUMBER
Classification number KF9618
Item number .L38
082 04 - DEWEY DECIMAL CLASSIFICATION NUMBER
Classification number 343.3.073
Edition number 21
092 04 - LOCALLY ASSIGNED DEWEY CALL NUMBER (OCLC)
Edition number 21
099 ## - LOCAL FREE-TEXT CALL NUMBER (OCLC)
Classification number Law 10 1975
222 #0 - KEY TITLE
Key title Leading constitutional cases on criminal justice
245 00 - TITLE STATEMENT
Title Leading constitutional cases on criminal justice /
Statement of responsibility, etc. edited by Lloyed L. Weinreb.
250 ## - EDITION STATEMENT
Edition statement 1975 edition.
264 ## - PRODUCTION, PUBLICATION, DISTRIBUTION, MANUFACTURE, AND COPYRIGHT NOTICE
Place of production, publication, distribution, manufacture Mineola, N.Y.,
Name of producer, publisher, distributor, manufacturer The Foundation Press,
Date of production, publication, distribution, manufacture, or copyright notice 1975.
300 ## - PHYSICAL DESCRIPTION
Extent x, 732 pages ;
Dimensions 26 cm
336 ## - CONTENT TYPE
Content type term text
Content type code txt
Source rdacontent
337 ## - MEDIA TYPE
Media type term unmediated
Media type code n
Source rdamedia
338 ## - CARRIER TYPE
Carrier type term volume
Carrier type code nc
Source rdacarrier
362 0# - DATES OF PUBLICATION AND/OR SEQUENTIAL DESIGNATION
Dates of publication and/or sequential designation 1973- ed.
590 ## - LOCAL NOTE (RLIN)
Local note
650 #0 - SUBJECT ADDED ENTRY--TOPICAL TERM
Topical term or geographic name entry element Criminal procedure
Geographic subdivision United States
Form subdivision Cases.
650 #0 - SUBJECT ADDED ENTRY--TOPICAL TERM
Topical term or geographic name entry element Criminal justice, Administration of
Geographic subdivision United States
Form subdivision Cases.
651 #7 - SUBJECT ADDED ENTRY--GEOGRAPHIC NAME
Geographic name United States.
Source of heading or term fast
Authority record control number or standard number (OCoLC)fst01204155
Real World Object URI https://id.oclc.org/worldcat/entity/E39PBJtxgQXMWqmjMjjwXRHgrq
655 #4 - INDEX TERM--GENRE/FORM
Genre/form data or focus term Cases.
655 #7 - INDEX TERM--GENRE/FORM
Genre/form data or focus term Trials, litigation, etc.
700 1# - ADDED ENTRY--PERSONAL NAME
Personal name Weinreb, Lloyd L.,
Dates associated with a name 1936-2021.
Real World Object URI https://id.oclc.org/worldcat/entity/E39PBJdRvQptP6hdJdkVmDBHG3
776 08 - ADDITIONAL PHYSICAL FORM ENTRY
Relationship information Online version:
Title Leading constitutional cases on criminal justice
Record control number (OCoLC)565213225
776 08 - ADDITIONAL PHYSICAL FORM ENTRY
Relationship information Online version:
Title Leading constitutional cases on criminal justice
Record control number (OCoLC)605892403
856 40 - ELECTRONIC LOCATION AND ACCESS
Uniform Resource Identifier <a href="https://fll.law.cu.edu.eg/fulltext/bks/ENGB10-00135.pdf">https://fll.law.cu.edu.eg/fulltext/bks/ENGB10-00135.pdf</a>
905 ## - Cataloger and Reviser Names
Cataloger Name: Hend El khosy
942 ## - ADDED ENTRY ELEMENTS (KOHA)
Source of classification or shelving scheme Dewey Decimal Classification
Koha item type Books
Edition 21
Suppress in OPAC No
Holdings
Withdrawn status Lost status Source of classification or shelving scheme Damaged status Not for loan Collection Home library Current library Date acquired Total checkouts Full call number Barcode Date last seen Copy number Price effective from Koha item type Public note
    Dewey Decimal Classification     القانون الجنائي جــــامعة القــاهرة مكتبة كلية الحقوق - فـرع الشيخ زايد 01.01.2026   Law2 10 1343.3073 LE 1975 1000135 C1 ENGB10-00135 01.01.2026 1 01.01.2026 Books 1545

© All rights reserved — Faculty of Law, Cairo University